000 00396nam a22001337a 4500
008 241107b |||||||| |||| 00| 0 eng d
020 _a9781566479806
082 _a813.54
100 _aMcKinney, Chris
245 _aBoi No Good :
_bA novel of family, crome and betrayal in a Hawai'i of turmoil
260 _aHawaii :
_bMutual publishing,
_c2012.
300 _axv p.400;
_c20.2 Cm.
942 _2ddc
999 _c10072
_d10073